Score 0/51 Timer 10:00
0 Plays Today
% Correct
John F Kennedy
90.8%
John Travolta
90.4%
Johnny Cash
89.9%
John Lennon
89.4%
John Quincy Adams
87.6%
John Cleese
85.8%
John Grisham
85.8%
Johnny Depp
85.3%
Johnny Carson
84.4%
John Goodman
84.4%
John McEnroe
83.9%
John Candy
82.1%
John Steinbeck
80.7%
John Cusack
80.3%
Johnnie Walker
80.3%
Jon Stewart
78.9%
John Deere
78.4%
Johnny B Goode
77.5%
Johnny Knoxville
75.7%
Johnny Rotten
75.2%
John Stamos
75.2%
John Denver
73.9%
Johnny Bravo
73.4%
John Ritter
73.4%
John Wayne
73.4%
John Malkovich
70.2%
% Correct
Jonathan Taylor Thomas
69.7%
John Keats
69.3%
Johnny English
68.8%
Johnny Appleseed
67.4%
John Mayer
67.4%
Johnny Mnemonic
66.5%
Johnny Galecki
65.6%
John Hughes
65.1%
John Mellencamp
65.1%
John Fogerty
64.7%
John Elway
64.2%
John Nash
61.5%
Jonathan Rhys Meyers
58.7%
Johnny Unitas
58.3%
Jonathan Demme
53.2%
Jonathan Livingston Seagull
53.2%
John Tesh
53.2%
Johnny Mathis
50.9%
John Legend
47.7%
Jonathan Winters
44.5%
Johnny Paycheck
43.1%
Johnny Winter
31.7%
Johnny Horton
27.1%
John Piper
20.2%
Johnny Wayne
16.1%
Remove Ads.
Support Sporcle.
Get the best of Sporcle when you Go Orange. This ad-free experience offers more features, more stats, and more fun while also helping to support Sporcle. Thank you for becoming a member.

You're not logged in!

Compare scores with friends on all Sporcle quizzes.
OR
Log In

Show Comments

Extras

Top Quizzes Today


Score Distribution

Your Account Isn't Verified!

In order to create a playlist on Sporcle, you need to verify the email address you used during registration. Go to your Sporcle Settings to finish the process.

Report this User

Report this user for behavior that violates our Community Guidelines.

Details: